¿Es posible otro turismo?: su realidad centroamericana, nueve casos de estudio /
El objetivo de esta obra es proponer una reflexión sobre los retos éticos que afronta el turismo, precisar lo que para el autor significa "otro turismo", concepto definido y utilizado por numerosos autores en diferentes trabajos, y poner en evidencia los problemas que presenta el turismo t...
محفوظ في:
| المؤلف الرئيسي: | |
|---|---|
| مؤلفون آخرون: | |
| التنسيق: | غير معروف |
| اللغة: | Spanish |
| منشور في: |
Costa Rica :
FLACSO
2011
|
| سلاسل: | Colección Pensamiento Social
|
| الموضوعات: | |
| الوسوم: |
إضافة وسم
لا توجد وسوم, كن أول من يضع وسما على هذه التسجيلة!
|
MARC
| LEADER | 00000 a2200000 04500 | ||
|---|---|---|---|
| 001 | 43101 | ||
| 003 | cru IIS | ||
| 005 | 20220225135702.0 | ||
| 008 | 050703s2011 cr spa d | ||
| 020 | |a 978-9977-68-230-3 | ||
| 040 | |a Centro de Recursos para el Aprendizaje y la Investigación |b Español |c cru IIS | ||
| 090 | |a 09.04.05 E74e v.2 | ||
| 100 | |a Delisle, Marie-Andrée | ||
| 245 | |a ¿Es posible otro turismo?: |b su realidad centroamericana, nueve casos de estudio / |c Marie-Andrée Delisle ; Louis Jolin | ||
| 260 | |a Costa Rica : |b FLACSO |c 2011 | ||
| 300 | |a 189 páginas | ||
| 440 | |a Colección Pensamiento Social | ||
| 500 | |a Volumen 1 | ||
| 500 | |a Colección Centroamérica | ||
| 520 | |a El objetivo de esta obra es proponer una reflexión sobre los retos éticos que afronta el turismo, precisar lo que para el autor significa "otro turismo", concepto definido y utilizado por numerosos autores en diferentes trabajos, y poner en evidencia los problemas que presenta el turismo tradicional y las buenas prácticas que deben remplazarlo para que el turismo sea una actividad que genere un desarrollo realmente sostenible y solidario. | ||
| 590 | |a DISEMINAR042012/RRA/MAYO2012 | ||
| 650 | |a TURISMO |0 TESAUROS | ||
| 650 | |a ETICA |0 TESAUROS | ||
| 650 | |a VALORES CULTURALES |0 TESAUROS | ||
| 650 | |a FOMENTO DEL TURISMO |0 TESAUROS | ||
| 650 | |a POLITICA TURISTICA |0 TESAUROS | ||
| 650 | |a COMUNIDADES |0 TESAUROS | ||
| 650 | |a SOLIDARIDAD |0 TESAUROS | ||
| 700 | |a Jolin, Louis | ||
| 852 | 1 | 1 | |a 09.04.05 E74e v.2 |
| 942 | |2 ddc |c LI |h 09.04.05 E74e v.2 |k 09.04.05 |m E74e v.2 |6 090405_E74E_V2 | ||
| 999 | |c 15806 |d 15806 | ||



